[Event "New York Marshall CC-ch 91st"]
[Site "New York"]
[Date "2007.12.08"]
[Round "3"]
[White "Molner, Mackenzie"]
[Black "Pador, Douglas"]
[Result "1-0"]
[WhiteElo "2293"]
[BlackElo "2200"]
[PlyCount "73"]
[EventDate "2007.12.07"]
[EventType "swiss"]
[EventRounds "9"]
[EventCountry "USA"]
[SourceTitle "CBM 122 Extra"]
[Source "ChessBase"]
[SourceDate "2008.03.04"]
[SourceVersion "1"]
[SourceVersionDate "2008.03.04"]
[SourceQuality "1"]

1. e4 e5 2. Bc4 Nf6 3. d3 Nc6 4. Nf3 Bc5 5. 0-0 a6 6. c3 Ba7 7. Re1 0-0 8. Nbd2 d6 9. Bb3 Ne7 10. Nf1 Ng6 11. Ng3 c6 12. h3 h6 13. d4 Be6 14. Be3 Re8 15. Bxe6 fxe6 16. Qc2 Qc7 17. Rad1 c5 18. d5 exd5 19. exd5 Ne7 20. c4 Qd7 21. Nd2 b5 22. b3 Rf8 23. Rf1 Rac8 24. Kh2 Kh8 25. Nf3 Bb6 26. Nh4 Rf7 27. Ng6+ Nxg6 28. Qxg6 Bc7 29. f4 e4 30. f5 Rcf8 31. Ne2 bxc4 32. bxc4 Ng8 33. Qe6 Qa4 34. Qxe4 Re8 35. Qd3 Nf6 36. Nf4 Re4 37. Rc1 1-0